Caricamento...
Food science /
| Autore principale: | |
|---|---|
| Natura: | Printed Book |
| Lingua: | English |
| Pubblicazione: |
New Delhi :
Wiley Eastern Ltd ,
1994.
|
| LEADER | 00552cam a2200181ua 4500 | ||
|---|---|---|---|
| 020 | |a 0852265966 |c 20.00 | ||
| 041 | |a eng | ||
| 082 | |a 664 |b SUM/FO | ||
| 100 | |a Sumati, Mudambi R . | ||
| 245 | |a Food science / |c Sumati R Mudambi. |h Textual Documents | ||
| 260 | |a New Delhi : |b Wiley Eastern Ltd , |c 1994. | ||
| 300 | |a 221 ; . | ||
| 365 | |a 20.00 | ||
| 504 | |||
| 541 | |e 18888 |h 20.00 | ||
| 942 | |c BK | ||
| 999 | |c 35536 |d 35536 | ||
| 952 | |0 0 |1 0 |4 0 |6 664_000000000000000 |7 0 |9 46744 |a KAUAET |b KAUAET |d 2012-04-07 |m 0 |o 664 |p KAU_KCAET-18888 |r 2012-04-07 |w 2012-04-07 |y BK | ||